| 000 | 00779nam a2200265Ia 4500 | ||
|---|---|---|---|
| 003 | OSt | ||
| 005 | 20220924115328.0 | ||
| 006 | a|||||r|||| 00| 0 | ||
| 007 | ta | ||
| 008 | 220923b |||||||| |||| 00| 0 urd d | ||
| 020 | _a9383322284 (hbk) | ||
| 020 | _cINR 400.00 | ||
| 024 | _a324271 | ||
| 037 |
_b4916, 27/02/2017, Kitabi Duniya _cTextual |
||
| 040 |
_aARTS _cARTS _burd |
||
| 041 |
_2urd _aurd |
||
| 082 | _aY15z7, 168Q4 | ||
| 100 | _aPasha Anwar Au. | ||
| 245 | 0 |
_aTanisiyat aur adab _b feminism & literature |
|
| 260 |
_aDelhi _bArshia publications India _c2014 |
||
| 300 |
_a391p. _ccm. |
||
| 650 |
_aFEMINISM _943 |
||
| 942 |
_hY15z7, 168Q4 _cTEXL _2CC |
||
| 999 |
_c397859 _d397859 |
||